| 000 | 00875cam a2200349 4500 | ||
|---|---|---|---|
| 008 | 090401t1996 xxu||||| |||| 00| 0 eng d | ||
| 020 | _a1857280539 | ||
| 035 | _a(Sirsi) u45641 | ||
| 041 | _aeng | ||
| 050 | _a333.3370945 | ||
| 100 | _aAve, Gastone | ||
| 245 | _aUrban land & property markets in Italy. | ||
| 260 |
_aLondon _bUCL Press Limited _c1996 |
||
| 300 | _axviii,205p. ; 24cm. | ||
| 350 | _a40 | ||
| 490 | _aUCL Press European Urban Land and Property Markets | ||
| 650 | _aPROPERTY-COMMERCIAL PROPERTY | ||
| 650 | _aGENOA | ||
| 650 | _aINDUSTRIAL PROPERTY | ||
| 650 | _aITALY | ||
| 650 | _aLAND MARKET | ||
| 650 | _aLAND PRICES | ||
| 650 | _aMILAN | ||
| 650 | _aNAPLES | ||
| 650 | _aPROPERTY MARKET | ||
| 650 | _aRENT | ||
| 650 | _aTURIN | ||
| 650 | _aURBAN AREAS | ||
| 690 | _aOVERSEAS-EUROPE | ||
| 942 | _n0 | ||
| 948 | _c04/03/1997 | ||
| 999 |
_c91786 _d91786 |
||